000 00590cam a2200181 4500500
005 20260329002749.0
041 _afre
042 _adc
100 1 0 _aPortevin, Catherine
_eauthor
245 0 0 _aTobie Nathan / Arnaud Desplechin. Rencontre du troisième type
260 _c2013.
500 _a59
690 _aArnaud Desplechin
690 _aGeorges Devereux
690 _aTobie Nathan
786 0 _nPhilosophie magazine | 72 | 9 | 2013-09-01 | p. 18-21 | 1951-1787
856 4 1 _uhttps://shs.cairn.info/magazine-philosophie-magazine-2013-9-page-18?lang=fr&redirect-ssocas=7080
999 _c1818133
_d1818133